00282nam a2200097Ia 4500008004100000082002000041100001800061245005900079260003600138300001000174210430s9999 xx 000 0 und d a620.112 H2331 H aJean Lemaitre aHandbook of Materials Behavior Models 1cJean Lemaitre aSan DiegobAcademic Pressc2001 a407p.